Science Quiz

Random Science or Clickable Quiz
Score 0/36 Timer 20:00
0 Plays Today
% Correct
PTEN
84.2%
CML
82.8%
Burkitt Lymphoma
81.4%
Ewing sarcoma
80%
trastuzumab (herceptin), Petuzumab (dimer inhibitor)
80%
APL (AML M3)
79.1%
Tumour motility factors
78.6%
Follicular lymphoma
78.1%
tamoxifen,
77.7%
Bevacizumab (Avastin)
76.7%
Benzo-a-pyrene
75.8%
Bortezomib (Velcade)
75.3%
Imatinib
74.9%
Vinblastine, vincristine
74.9%
Kinases
72.1%
Mercaptopurine
72.1%
TroVax
72.1%
constitutively active tyrosine kinase
70.7%
% Correct
Paclitaxel (Taxol)
70.2%
methotrexate
69.8%
5-Fluorouracil
69.8%
flutamide, bicalutamide
69.3%
doxorubicin
65.1%
PARP (poly ADP-ribose polymerase)
64.2%
CXCL12 & CCL21 antagonists
64.2%
Platinum Coordination Compounds
54%
Gefitinib (Iressa) & Erlotinib (Tarceva)
52.6%
Sunitinib, Sorafenib
51.2%
Tipifarnib, (Zarnestra), Lonafarnib, (Sarasar)
50.7%
cyclophosphamide
49.8%
CD44
49.8%
Sorafenib, Vemurafenib
47.9%
Cetuximab, Panitumumab
47%
Palbociclib (Ibrance) –
36.7%
Cilengitide
34.4%
Flavopiridol
32.1%
Remove Ads.
Support Sporcle.
Get the best of Sporcle when you Go Orange. This ad-free experience offers more features, more stats, and more fun while also helping to support Sporcle. Thank you for becoming a member.

You're not logged in!

Compare scores with friends on all Sporcle quizzes.
OR
Log In

Show Comments

Extras

Created Jul 29, 2016ReportNominate
Tags:Clickable Quiz, Drug

Top Quizzes Today


Score Distribution

Your Account Isn't Verified!

In order to create a playlist on Sporcle, you need to verify the email address you used during registration. Go to your Sporcle Settings to finish the process.

Report this User

Report this user for behavior that violates our Community Guidelines.

Details: